000
003190000a22001450004500
003
MACL
040
_a
MACL
090
_c
5446
_d
5445
100
_a
Bahree, Patricia
245
_a
Hinduism
_b
Dictionary of World Religion
260
_b
Batsford Educational
_c
1984
350
_a
65
650
_a
Religion
942
_c
BOOK
_k
294
999
_c
5404
_d
5404